000
00311nam a2200133Ia 4500
005
20251222144713.0
008
251222s9999||||xx |||||||||||||| ||spa||
020
_a
84-7050-264-6
082
_a
232.931/H51
100
_a
Hickey, James
245
0
_a
MarĂa al Pie de la Cruz:
264
_b
Edicep
942
_c
LIB
999
_c
17924
_d
17924